00454nam a2200145Ia 4500003000200000005001700002008004100019020001800060050002400078100002300102245006000125260005100185300002100236500005100257020250317124736.0140609s9999 xx 000 0 und d a9789712359125 aHD 58.7b.M468 2011 aMedina, Roberto G. aHuman behavior in organization /cRoberto G. Medina aManila, Philippines :bRex Book Store,cc2011. a281 p. ;c22 cm. aIncludes bibliographical references and index.